LEADER 01088nam0-2200361---450- 001 990000647160203316 010 $a88-251-7193-5 035 $a0064716 035 $aUSA010064716 035 $a(ALEPH)000064716USA01 035 $a0064716 100 $a20010928d1997----km-y0itay0103----ba 101 0 $aita 102 $aIT 105 $a||||||||001yy 200 1 $aAlle radici della cittą contemporanea$eil pensiero di Lewis Mumford$fa cura di Francesco Ventura 210 $aMilano$cCittaStudiEdizioni$dcopyr. 1997 215 $a250 p.$d24 cm 600 $aMumford,$bLewis 606 $aSociologia urbana 676 $a307.76092 702 1$aVENTURA,$bFrancesco 801 0$aIT$bsalbc$gISBD 912 $a990000647160203316 951 $a307.760 92 ALL$b16319 Ing.$c307$d00077285 959 $aBK 969 $aTEC 979 $aSTELLA$b10$c20010928$lUSA01$h1313 979 $aJOHNNY$b90$c20011012$lUSA01$h1941 979 $c20020403$lUSA01$h1714 979 $aPATRY$b90$c20040406$lUSA01$h1645 996 $aAlle radici della cittą contemporanea$9958076 997 $aUNISA LEADER 01186nam0 22003253i 450 001 USM1673533 005 20251003044436.0 010 $a9781862392175 100 $a20090506d2007 ||||0itac50 ba 101 | $aeng 102 $agb 181 1$6z01$ai $bxxxe 182 1$6z01$an 200 1 $aCoastal and shelf sediment transport$fedited by P. S. Balson and M. B. Collins 210 $aLondon$cThe Geological Society$d2007 215 $a162 p.$cill.$d26 cm. 225 | $aGeological society special publication$v274 410 0$1001PUV0093169$12001 $aGeological society special publication$v274 606 $aSedimentologia$2FIR$3RAVC042066$9E 676 $a551.3$9sedimentologia$v14 702 1$aCollins$b, M. B.$3UBOV470985 702 1$aBalson$b, P. S.$3USMV854495 801 3$aIT$bIT-000000$c20090506 850 $aIT-BN0095 901 $bNAP 01$cSALA $n$ 912 $aUSM1673533 950 0$aBiblioteca Centralizzata di Ateneo$c1 v.$d 01SALA 551.3 COA$e 0104 0000013045 VMA 1 v.$fA $h20090506$i20090506 977 $a 01 996 $aCoastal and shelf sediment transport$91382183 997 $aUNISANNIO